| 000 | 00357nam a2200133Ia 4500 | ||
|---|---|---|---|
| 008 | 100328s9999 xx 000 0 und d | ||
| 082 | _b1480 | ||
| 100 | _aNational Planing Committee | ||
| 245 | _aManufacturing Industries -II | ||
| 260 | _bVora & Co. | ||
| 630 | _aManufacturing Industries -II | ||
| 730 | _aManufacturing Industries -II | ||
| 942 | _cBOOK | ||
| 999 |
_c497753 _d497750 |
||